Mozart In Rock - E.S.O. (Record n. 100758)
[ formato base ]
| 000 -LEADER | |
|---|---|
| fixed length control field | 01123njm a2200277Ia 4500 |
| 001 - CONTROL NUMBER | |
| control field | B7167 |
| 003 - CONTROL NUMBER IDENTIFIER | |
| control field | IT-RoPAU |
| 005 - DATE AND TIME OF LATEST TRANSACTION | |
| control field | 20220918181133.0 |
| 008 - FIXED-LENGTH DATA ELEMENTS--GENERAL INFORMATION | |
| fixed length control field | 131025s9999 xx 000 0 und d |
| 040 ## - CATALOGING SOURCE | |
| Original cataloging agency | IT-RoPAU |
| 040 ## - CATALOGING SOURCE | |
| Transcribing agency | IT-RoPAU |
| 999 ## - SYSTEM CONTROL NUMBERS (KOHA) | |
| Koha Dewey Subclass [OBSOLETE] | n.d. |
| 100 ## - MAIN ENTRY--PERSONAL NAME | |
| Personal name | Mozart Wolfgang Amadeus |
| 9 (RLIN) | 1525 |
| 100 ## - MAIN ENTRY--PERSONAL NAME | |
| Relator term | Autore musica |
| 9 (RLIN) | 29236 |
| 100 ## - MAIN ENTRY--PERSONAL NAME | |
| Miscellaneous information | Codice autore musica SPICS: 3486 |
| 9 (RLIN) | 1527 |
| 245 ## - TITLE STATEMENT | |
| Title | Mozart In Rock - E.S.O. |
| 250 ## - EDITION STATEMENT | |
| Edition statement | 1a ed. |
| 260 ## - PUBLICATION, DISTRIBUTION, ETC. (IMPRINT) | |
| Place of publication, distribution, etc. | MILANO |
| 260 ## - PUBLICATION, DISTRIBUTION, ETC. (IMPRINT) | |
| Name of publisher, distributor, etc. | FIVE RECORD |
| Date of publication, distribution, etc. | 1991 [1a Ed.:0] |
| 300 ## - PHYSICAL DESCRIPTION | |
| Extent | MUSICASSETTA |
| 300 ## - PHYSICAL DESCRIPTION | |
| Dimensions | 39 minuti (Testo: 0 pag.) |
| 500 ## - GENERAL NOTE | |
| General note | Musica classica con arrangiamento rock. |
| 505 ## - FORMATTED CONTENTS NOTE | |
| Formatted contents note | Le nozze di Figaro (Ouverture K. 492) - Serenata (Piccola serenata notturna K. 525) - Marcia turca dalla sonata K. 331 - Sonata KV. 545 - Minuetto K. 525 - Così fan tutte (Ouverture K. 588) - Voi che sapete (dalle Nozze di Figaro K. 492) - La ci darem la mano (Don Giovanni K. 527) - Andante (dal concerto per piano n. 21 K. 467) - Sinfonia n. 40 (1 movimento) |
| 650 ## - SUBJECT ADDED ENTRY--TOPICAL TERM | |
| Topical term or geographic name as entry element | ARRANGIAMENTO [CASSETTE] |
| Relator term | Codice MATERIA SPICS: 9951 |
| 9 (RLIN) | 29237 |
| 942 ## - ADDED ENTRY ELEMENTS (KOHA) | |
| Koha item type | MUSICASSETTE |
| Source of classification or shelving scheme | Dewey Decimal Classification |
| Withdrawn status | Lost status | Damaged status | Not for loan | Home library | Current library | Date acquired | Total Checkouts | Full call number | Date last seen | Price effective from | Koha item type | Public note |
|---|---|---|---|---|---|---|---|---|---|---|---|---|
| Buone Condizioni | Not For Loan | SPICS-MEDIATECA | SPICS-MEDIATECA | 25/10/2013 | B7167 | 25/10/2013 | 25/10/2013 | MUSICASSETTE | Progr. Ins.: 828 / N.Vol.: 1 / Copie: 1 - Copia rara: n.d. / date import: 01.01.2014 - By Epidotti, Trombetti, Vaglietti |